| 000 | 00574nam a22000977a 4500 | ||
|---|---|---|---|
| 008 | 170522b xxu||||| |||| 00| 0 eng d | ||
| 100 | _aGreen, Chirs | ||
| 245 | _aTriangular philatelics : a guide for beginning to advanced collectors | ||
| 260 |
_aIola, WI _bKrause Publications _c1998 |
||
| 650 | _aTriangular Issues | Stamps -- Histories | Cinderella Material | Topical Collecting | Collecting | Collecting -- Guides and Handbooks | Seals and Labels | Locals and Private Posts | Revenues | Semi-postal Issues | Air Mail | Bogus Issues | Bibliographies | Collecting -- Identification | ||
| 999 |
_c2412 _d2412 |
||